000 00671cab a22002175a 4500
001 L157925
008 130722e20130706xxk 000 0 eng d
035 _a(Sirsi) u157925
041 0 _aeng
100 1 _aSimmons, Mark
245 0 0 _aFocus
_bBedfordshire, Hertfordshire and Essex
260 _c2013
490 _aEstates Gazette
_v(1327) 6 July 2013, 69-79(7)
520 _aIncludes information on major infrastructural improvements in Essex including development of the UK's hub airport and a market health check.
590 _aKA
651 4 _aEssex
651 4 _aBedfordshire
651 4 _aHertfordshire
690 _aCommercial property
_96227
942 _n0
999 _c84487
_d84487